[Event "4th EUR-ch"]
[Site "Istanbul TUR"]
[Date "2003.06.03"]
[Round "5.100"]
[White "Nyysti, Sampsa"]
[Black "Akcan, Umit"]
[Result "1/2-1/2"]
[WhiteElo "2429"]
[BlackElo "2167"]
[EventDate "2003.05.30"]
[PlyCount "79"]

1.e4 c5 2.Nf3 d6 3.d4 cxd4 4.Nxd4 Nf6 5.Nc3 g6 6.Be3 Bg7 7.f3 Nc6 8.Qd2 
O-O 9.Bc4 Qa5 10.O-O-O Bd7 11.Bb3 Rfc8 12.Kb1 Ne5 13.g4 Nc4 14.Bxc4 Rxc4 
15.Nb3 Qa6 16.e5 Ne8 17.Nd5 Bxe5 18.Nxe7+ Kf8 19.Nd5 Rac8 20.Bd4 Kg7 21.
Ne3 R4c7 22.f4 Bxd4 23.Qxd4+ Kg8 24.Rd2 Bc6 25.Rg1 Re7 26.Nf5 Re4 27.Nh6+ 
Kf8 28.Qh8+ Ke7 29.Qxh7 Rxf4 30.Re1+ Be4 31.Ng8+ Kd7 32.Qh6 Rf1 33.Qe3 Qc4
34.Nd4 Rxe1+ 35.Qxe1 f5 36.gxf5 gxf5 37.Nh6 Rc5 38.b3 Qc3 39.Qf2 Rd5 40.
Rd1 1/2-1/2

[Event "4th EUR-ch"]
[Site "Istanbul TUR"]
[Date "2003.06.03"]
[Round "5.101"]
[White "Morrison, Chris"]
[Black "Arduman, Can"]
[Result "1/2-1/2"]
[WhiteElo "2170"]
[BlackElo "2361"]
[EventDate "2003.05.30"]
[PlyCount "42"]

1.e4 c6 2.d3 d5 3.Nd2 g6 4.Ngf3 Bg7 5.Be2 e5 6.O-O Ne7 7.b4 a5 8.Bb2 Qc7 
9.a3 O-O 10.h3 Nd7 11.Re1 b6 12.Bf1 d4 13.c3 c5 14.bxc5 bxc5 15.Qc2 Qa7 
16.Rec1 a4 17.cxd4 exd4 18.Nc4 Bb7 19.Re1 Bc6 20.Bc1 Rab8 21.Bf4 Rb3 
1/2-1/2

[Event "4th EUR-ch"]
[Site "Istanbul TUR"]
[Date "2003.06.03"]
[Round "5.102"]
[White "Can, Emre"]
[Black "Ataman, Alper"]
[Result "1/2-1/2"]
[WhiteElo "2200"]
[BlackElo "2161"]
[EventDate "2003.05.30"]
[PlyCount "34"]

1.e4 c5 2.Nf3 Nc6 3.Bb5 g6 4.O-O Bg7 5.Re1 Nf6 6.e5 Nd5 7.Nc3 Nc7 8.Bxc6 
dxc6 9.Ne4 Ne6 10.d3 O-O 11.Be3 b6 12.Qd2 f6 13.exf6 exf6 14.Bh6 a5 15.
Bxg7 Kxg7 16.Re2 Ra7 17.Rae1 Raf7 1/2-1/2

[Event "4th EUR-ch"]
[Site "Istanbul TUR"]
[Date "2003.06.03"]
[Round "5.103"]
[White "Asmundsson, Ingvar"]
[Black "Brendel, Oliver"]
[Result "0-1"]
[WhiteElo "2327"]
[BlackElo "2378"]
[EventDate "2003.05.30"]
[PlyCount "58"]

1.e4 c5 2.Nf3 g6 3.d4 cxd4 4.Qxd4 Nf6 5.Bb5 a6 6.Ba4 b5 7.Bb3 Nc6 8.Qd3 
Bg7 9.a4 b4 10.O-O O-O 11.h3 d6 12.Nbd2 Bb7 13.Re1 Rc8 14.Bc4 Nd7 15.Qe2 
Na5 16.Bd3 Nc5 17.e5 Nxd3 18.cxd3 dxe5 19.Nxe5 Qd5 20.Ndf3 Nb3 21.Rb1 Nd4 
22.Qe4 Nxf3+ 23.Nxf3 Qa2 24.Qxb7 Qxb1 25.Bh6 Qxb2 26.Bxg7 Kxg7 27.Qxe7 
Rfe8 28.Qxe8 Rxe8 29.Rxe8 b3 0-1

[Event "4th EUR-ch"]
[Site "Istanbul TUR"]
[Date "2003.06.05"]
[Round "6.3"]
[White "Nisipeanu, Liviu-Dieter"]
[Black "Sakaev, Konstantin"]
[Result "1/2-1/2"]
[WhiteElo "2606"]
[BlackElo "2664"]
[EventDate "2003.05.30"]
[PlyCount "30"]

1.e4 c5 2.Nf3 d6 3.d4 cxd4 4.Nxd4 Nf6 5.Nc3 a6 6.Be2 e5 7.Nb3 Be7 8.O-O 
O-O 9.Kh1 Nc6 10.Be3 Be6 11.Bf3 a5 12.Nd5 Bxd5 13.exd5 Nb4 14.c4 b6 15.Be2
Nd7 1/2-1/2

[Event "4th EUR-ch"]
[Site "Istanbul TUR"]
[Date "2003.06.05"]
[Round "6.9"]
[White "Agrest, Evgenij"]
[Black "Bologan, Viorel"]
[Result "1-0"]
[WhiteElo "2591"]
[BlackElo "2663"]
[EventDate "2003.05.30"]
[PlyCount "79"]

1.d4 Nf6 2.c4 g6 3.Nc3 Bg7 4.Nf3 d6 5.Bg5 Nbd7 6.e3 h6 7.Bh4 g5 8.Bg3 Nh5 
9.Qc2 c5 10.d5 a6 11.a4 Ndf6 12.Be2 Bd7 13.Nd2 O-O 14.O-O Ng4 15.Nde4 Bf5 
16.Nf6+ Ngxf6 17.Qxf5 Qc8 18.Qd3 Nxg3 19.hxg3 Ng4 20.Qe4 Ne5 21.g4 h5 22.
f3 hxg4 23.fxg4 Bf6 24.g3 Kg7 25.Kg2 Rh8 26.Rh1 Qd7 27.Rh5 Ng6 28.Bd3 Rag8
29.Rf1 Rh6 30.Bc2 Rgh8 31.Rfh1 Qd8 32.Qf5 Qb6 33.b3 Qd8 34.Ne4 Rxh5 35.
gxh5 Ne5 36.h6+ Kf8 37.Nxg5 Bxg5 38.Qxg5 Rg8 39.Qf5 Qc7 40.Qf4 1-0

[Event "4th EUR-ch"]
[Site "Istanbul TUR"]
[Date "2003.06.05"]
[Round "6.10"]
[White "Pavasovic, Dusko"]
[Black "Movsesian, Sergei"]
[Result "1/2-1/2"]
[WhiteElo "2584"]
[BlackElo "2659"]
[EventDate "2003.05.30"]
[PlyCount "23"]

1.e4 c5 2.c3 Nf6 3.e5 Nd5 4.d4 cxd4 5.Nf3 Nc6 6.cxd4 d6 7.Bc4 Nf6 8.Bb3 d5
9.Nh4 e6 10.Nf3 Be7 11.O-O Bd7 12.Nc3 1/2-1/2

[Event "4th EUR-ch"]
[Site "Istanbul TUR"]
[Date "2003.06.05"]
[Round "6.11"]
[White "Beliavsky, Alexander"]
[Black "Kharlov, Andrei"]
[Result "1/2-1/2"]
[WhiteElo "2649"]
[BlackElo "2581"]
[EventDate "2003.05.30"]
[PlyCount "65"]

1.d4 d5 2.c4 dxc4 3.e4 Nc6 4.Nf3 Bg4 5.d5 Ne5 6.Nc3 Nf6 7.Bf4 Ng6 8.Be3 e5
9.Bxc4 a6 10.Be2 Bd6 11.Nd2 Bd7 12.O-O O-O 13.Nc4 Bb4 14.Qc2 b5 15.Nd2 c6 
16.dxc6 Bxc6 17.Rfd1 Qe7 18.a3 Bd6 19.Nb3 Rac8 20.f3 Nf4 21.Bf1 Rfd8 22.
Qf2 Ng6 23.a4 bxa4 24.Nxa4 Bb4 25.Nb6 Rxd1 26.Rxd1 Rd8 27.Rxd8+ Qxd8 28.
Qc2 Bb7 29.Qd3 Qc7 30.Qc4 Qd6 31.Qd3 Qc7 32.Qc4 Qd6 33.Qd3 1/2-1/2

[Event "4th EUR-ch"]
[Site "Istanbul TUR"]
[Date "2003.06.05"]
[Round "6.12"]
[White "Delchev, Alexander"]
[Black "Georgiev, Kiril"]
[Result "0-1"]
[WhiteElo "2577"]
[BlackElo "2647"]
[EventDate "2003.05.30"]
[PlyCount "94"]

1.d4 Nf6 2.c4 e6 3.Nc3 Bb4 4.e3 O-O 5.Bd3 d5 6.Nf3 c5 7.O-O dxc4 8.Bxc4 
cxd4 9.exd4 b6 10.Bg5 Bb7 11.Re1 Nbd7 12.Rc1 h6 13.Bh4 a6 14.a4 Re8 15.Qd3
Ra7 16.Ba2 Qa8 17.Bb1 Bxf3 18.gxf3 Rc8 19.Bg3 Nf8 20.Red1 Rd7 21.Qe2 Rcd8 
22.Be5 Ne8 23.Be4 Qa7 24.Bc6 Re7 25.Qc4 Bd6 26.Ne4 Bb8 27.Bxe8 Rdxe8 28.
Qb4 Ng6 29.Nd6 Bxd6 30.Bxd6 Rb7 31.d5 exd5 32.Rxd5 Rd7 33.Rcd1 Qb7 34.Qd4 
Red8 35.Qe4 b5 36.axb5 axb5 37.b3 Qc6 38.R5d2 Qa6 39.Bb4 Rxd2 40.Rxd2 Rxd2
41.Bxd2 Qa2 42.Qd3 Ne5 43.Qd8+ Kh7 44.Qd5 Qxd2 45.Qxe5 Qd1+ 46.Kg2 Qxb3 
47.h4 Qd3 0-1

[Event "4th EUR-ch"]
[Site "Istanbul TUR"]
[Date "2003.06.05"]
[Round "6.14"]
[White "Gurevich, Mikhail"]
[Black "Gashimov, Vugar"]
[Result "1/2-1/2"]
[WhiteElo "2635"]
[BlackElo "2579"]
[EventDate "2003.05.30"]
[PlyCount "69"]

1.d4 Nf6 2.c4 e6 3.Nc3 Bb4 4.e3 O-O 5.Ne2 d5 6.a3 Be7 7.Ng3 c5 8.dxc5 dxc4
9.Qc2 Bxc5 10.Bxc4 Nbd7 11.O-O Be7 12.Rd1 a6 13.Nce4 Qc7 14.Nf5 Bd8 15.
Nfd6 Nxe4 16.Nxe4 Nb6 17.Bb3 Qxc2 18.Bxc2 Bd7 19.Bd2 Be7 20.Ba5 Nd5 21.Nc3
Bc6 22.Bb3 Nxc3 23.Bxc3 Rfd8 24.f3 Rxd1+ 25.Rxd1 Rd8 26.Rxd8+ Bxd8 27.Bc4 
Bc7 28.h3 Kf8 29.Kf2 Bd6 30.Bd3 h6 31.Bc4 e5 32.Ke2 Ke7 33.Kd3 f6 34.Ba5 
Bc5 35.Bc3 1/2-1/2

[Event "4th EUR-ch"]
[Site "Istanbul TUR"]
[Date "2003.06.05"]
[Round "6.15"]
[White "Luther, Thomas"]
[Black "Tregubov, Pavel"]
[Result "1/2-1/2"]
[WhiteElo "2571"]
[BlackElo "2632"]
[EventDate "2003.05.30"]
[PlyCount "61"]

1.e4 c5 2.Nf3 Nc6 3.d4 cxd4 4.Nxd4 Nf6 5.Nc3 e5 6.Ndb5 d6 7.Bg5 a6 8.Na3 
b5 9.Bxf6 gxf6 10.Nd5 f5 11.Bd3 Be6 12.O-O Bxd5 13.exd5 Ne7 14.c4 e4 15.
Be2 Bg7 16.Rb1 O-O 17.cxb5 axb5 18.Bxb5 Ng6 19.Bc6 Ra7 20.f4 Ne7 21.Kh1 
Nxc6 22.dxc6 Rc7 23.Qd5 Qa8 24.Nb5 Rxc6 25.Nxd6 Rb6 26.Nxf5 Qxd5 27.Ne7+ 
Kh8 28.Nxd5 Rxb2 29.Rxb2 Bxb2 30.a4 Ra8 31.Re1 1/2-1/2

[Event "4th EUR-ch"]
[Site "Istanbul TUR"]
[Date "2003.06.05"]
[Round "6.16"]
[White "Vaisser, Anatoli"]
[Black "Filippov, Valery"]
[Result "1/2-1/2"]
[WhiteElo "2563"]
[BlackElo "2627"]
[EventDate "2003.05.30"]
[PlyCount "41"]

1.d4 d5 2.c4 e6 3.Nc3 Nf6 4.cxd5 exd5 5.Bg5 Be7 6.e3 O-O 7.Bd3 c6 8.Qc2 
Nbd7 9.Nf3 Re8 10.O-O Nf8 11.Ne5 N6d7 12.Bxe7 Qxe7 13.Nxd7 Bxd7 14.b4 Be6 
15.b5 c5 16.dxc5 Qxc5 17.Ne2 Qxc2 18.Bxc2 Rac8 19.Bb3 Nd7 20.Rfd1 Rc5 21.
Nd4 1/2-1/2

[Event "4th EUR-ch"]
[Site "Istanbul TUR"]
[Date "2003.06.05"]
[Round "6.18"]
[White "Ivanchuk, Vasyl"]
[Black "Goloshchapov, Alexander"]
[Result "1/2-1/2"]
[WhiteElo "2704"]
[BlackElo "2558"]
[EventDate "2003.05.30"]
[PlyCount "31"]

1.c4 e6 2.g3 d5 3.Bg2 Nf6 4.Nf3 dxc4 5.Qa4+ c6 6.Qxc4 b5 7.Qc2 Bb7 8.Nc3 
Nbd7 9.O-O Be7 10.d4 Rc8 11.Ne5 Nxe5 12.dxe5 Nd5 13.Ne4 c5 14.Bg5 Nb4 15.
Bxe7 Qxe7 16.Nd6+ 1/2-1/2

[Event "4th EUR-ch"]
[Site "Istanbul TUR"]
[Date "2003.06.05"]
[Round "6.20"]
[White "Zviagintsev, Vadim"]
[Black "Sargissian, Gabriel"]
[Result "1/2-1/2"]
[WhiteElo "2664"]
[BlackElo "2572"]
[EventDate "2003.05.30"]
[PlyCount "54"]

1.c4 Nf6 2.Nc3 e6 3.e4 d5 4.e5 d4 5.exf6 dxc3 6.bxc3 Qxf6 7.Nf3 e5 8.d4 
exd4 9.Bg5 Qe6+ 10.Be2 Be7 11.cxd4 Bxg5 12.Nxg5 Qe7 13.Qd2 O-O 14.O-O h6 
15.Nf3 c5 16.d5 Qd6 17.Rab1 b6 18.Rb3 Nd7 19.Re3 Bb7 20.Re1 b5 21.Qb2 Rab8
22.Nh4 Qf6 23.Qxf6 Nxf6 24.Nf5 bxc4 25.Ne7+ Kh7 26.Bxc4 Rbd8 27.Ra3 a6 
1/2-1/2

[Event "4th EUR-ch"]
[Site "Istanbul TUR"]
[Date "2003.06.05"]
[Round "6.21"]
[White "Sutovsky, Emil"]
[Black "Ivanisevic, Ivan"]
[Result "1/2-1/2"]
[WhiteElo "2652"]
[BlackElo "2569"]
[EventDate "2003.05.30"]
[PlyCount "71"]

1.e4 e5 2.Nf3 Nc6 3.d4 exd4 4.Nxd4 Nf6 5.Nxc6 bxc6 6.e5 Qe7 7.Qe2 Nd5 8.c4
Nb6 9.b3 Qe6 10.Bb2 a5 11.Nd2 a4 12.Qe3 Bb4 13.Bd3 d5 14.O-O Ba6 15.Rfc1 
Bxd2 16.Qxd2 dxc4 17.bxc4 Bxc4 18.Bxc4 Nxc4 19.Qb4 Nxb2 20.Rc3 Rd8 21.Qxb2
O-O 22.Ra3 Rd5 23.Rxa4 Rxe5 24.h3 h5 25.Rf4 Rd8 26.a4 Re1+ 27.Rxe1 Qxe1+ 
28.Kh2 Rd1 29.Qb3 Qg1+ 30.Kg3 Rd5 31.h4 g5 32.Qb8+ Kg7 33.Qb2+ Kg8 34.Qb8+
Kg7 35.Qb2+ Kg8 36.Qb8+ 1/2-1/2

[Event "4th EUR-ch"]
[Site "Istanbul TUR"]
[Date "2003.06.05"]
[Round "6.22"]
[White "Kobalia, Mikhail"]
[Black "Atalik, Suat"]
[Result "1-0"]
[WhiteElo "2639"]
[BlackElo "2568"]
[EventDate "2003.05.30"]
[PlyCount "67"]

1.e4 e5 2.Nf3 Nc6 3.Bc4 Nf6 4.d3 Be7 5.O-O O-O 6.Bb3 d6 7.c3 Na5 8.Bc2 c5 
9.Nbd2 Nc6 10.Re1 Re8 11.Nf1 h6 12.h3 Bf8 13.Ng3 Be6 14.d4 cxd4 15.cxd4 
exd4 16.Nxd4 Nxd4 17.Qxd4 Nd7 18.Bf4 Rc8 19.Bb3 Nc5 20.Bd5 Qh4 21.Bd2 Be7 
22.Bxe6 fxe6 23.Bc3 Bf6 24.Qe3 Bxc3 25.Qxc3 Qf6 26.Qd2 Red8 27.Rac1 a5 28.
b3 b6 29.Rc4 Rc7 30.Rd4 Rcd7 31.b4 axb4 32.Qxb4 Ra8 33.Rd2 Qd8 34.Rb2 1-0

[Event "4th EUR-ch"]
[Site "Istanbul TUR"]
[Date "2003.06.05"]
[Round "6.23"]
[White "Volokytin, Andriy"]
[Black "Macieja, Bartlomiej"]
[Result "1/2-1/2"]
[WhiteElo "2572"]
[BlackElo "2634"]
[EventDate "2003.05.30"]
[PlyCount "68"]

1.e4 c6 2.d4 d5 3.e5 Bf5 4.Nf3 e6 5.Be2 c5 6.Be3 Qb6 7.c4 Qxb2 8.Nbd2 Ne7 
9.O-O Nbc6 10.Nb3 O-O-O 11.Nxc5 dxc4 12.Bxc4 Nd5 13.Nd3 Qa3 14.Rc1 h6 15.
Bxd5 exd5 16.Nc5 Bxc5 17.Rxc5 Kb8 18.Nd2 Qxa2 19.Qc1 Nb4 20.Qc3 Nd3 21.Ra1
Qb2 22.Qa5 Nxc5 23.Qxa7+ Kc7 24.Qxc5+ Kd7 25.Qxd5+ Ke8 26.Qa5 b6 27.Qa4+ 
b5 28.Qa7 Rd7 29.Qa5 Ke7 30.Ra2 Qc1+ 31.Nf1 Qc4 32.Nd2 Qc1+ 33.Nf1 Qc4 34.
Nd2 Qc1+ 1/2-1/2

[Event "4th EUR-ch"]
[Site "Istanbul TUR"]
[Date "2003.06.05"]
[Round "6.24"]
[White "Stefansson, Hannes Hlifar"]
[Black "Lastin, Alexander"]
[Result "1/2-1/2"]
[WhiteElo "2565"]
[BlackElo "2632"]
[EventDate "2003.05.30"]
[PlyCount "29"]

1.e4 e5 2.Nf3 Nf6 3.Nxe5 d6 4.Nf3 Nxe4 5.d4 d5 6.Bd3 Bd6 7.O-O O-O 8.Re1 
Bf5 9.c4 c6 10.Nc3 Nxc3 11.bxc3 Bxd3 12.Qxd3 dxc4 13.Qxc4 Nd7 14.Rb1 Qc7 
15.Qb3 1/2-1/2

[Event "4th EUR-ch"]
[Site "Istanbul TUR"]
[Date "2003.06.05"]
[Round "6.26"]
[White "Pelletier, Yannick"]
[Black "Mchedlishvili, Mikheil"]
[Result "0-1"]
[WhiteElo "2623"]
[BlackElo "2560"]
[EventDate "2003.05.30"]
[PlyCount "94"]

1.Nf3 Nf6 2.c4 e6 3.Nc3 Bb4 4.Qb3 c5 5.g3 O-O 6.Bg2 Nc6 7.d3 d5 8.O-O h6 
9.Bf4 b6 10.a3 Ba5 11.Na2 Nh5 12.Ne5 Nxf4 13.Nxc6 Nxe2+ 14.Kh1 Qc7 15.cxd5
exd5 16.Qxd5 Bb7 17.b4 Rae8 18.Rae1 Ba8 19.bxa5 Re6 20.Qc4 Bxc6 21.Nc3 
Bxg2+ 22.Kxg2 Qc6+ 23.f3 Nxc3 24.Qxc3 Rd8 25.Rxe6 Qxe6 26.Re1 Qa2+ 27.Kg1 
Qd5 28.axb6 axb6 29.Re3 Qa2 30.g4 Rd4 31.Re8+ Kh7 32.Re7 Qb1+ 33.Kg2 Rxd3 
34.Qc4 Rd2+ 35.Kh3 Qd3 36.Qxd3+ Rxd3 37.Kg3 Rxa3 38.Rxf7 b5 39.h4 b4 40.
Rf4 b3 41.g5 hxg5 42.hxg5 c4 43.Rg4 Ra1 44.f4 Ra8 45.g6+ Kg8 46.f5 Ra2 47.
Rg5 c3 0-1

[Event "4th EUR-ch"]
[Site "Istanbul TUR"]
[Date "2003.06.05"]
[Round "6.27"]
[White "Savchenko, Stanislav"]
[Black "Tiviakov, Sergei"]
[Result "1/2-1/2"]
[WhiteElo "2559"]
[BlackElo "2623"]
[EventDate "2003.05.30"]
[PlyCount "40"]

1.d4 Nf6 2.c4 e6 3.Nc3 Bb4 4.Qc2 d5 5.cxd5 Qxd5 6.e3 c5 7.Bd2 Bxc3 8.Bxc3 
cxd4 9.Bxd4 Nc6 10.Bc3 O-O 11.Nf3 Qc5 12.Rc1 Nd5 13.Bd2 Qxc2 14.Rxc2 e5 
15.Rc5 Nc7 16.Bd3 f6 17.Be4 Bd7 18.O-O Rfc8 19.Re1 Na6 20.Rd5 Be8 1/2-1/2

[Event "4th EUR-ch"]
[Site "Istanbul TUR"]
[Date "2003.06.05"]
[Round "6.28"]
[White "Romanyshyn, Oleh"]
[Black "Smirnov, Pavel"]
[Result "1/2-1/2"]
[WhiteElo "2558"]
[BlackElo "2615"]
[EventDate "2003.05.30"]
[PlyCount "95"]

1.d4 d5 2.c4 c6 3.Nf3 Nf6 4.Nc3 e6 5.g3 Nbd7 6.Qd3 dxc4 7.Qxc4 a6 8.Bg2 c5
9.dxc5 Bxc5 10.Qd3 O-O 11.O-O Qe7 12.Ng5 Ne5 13.Qc2 Nc6 14.Bxc6 bxc6 15.
Nce4 Nxe4 16.Nxe4 Bd4 17.Ng5 g6 18.Nf3 Bg7 19.Be3 Re8 20.Rfd1 a5 21.Rd2 
Ba6 22.Rad1 Qb7 23.b3 Qb5 24.a4 Qf5 25.Qxc6 Bxe2 26.Rxe2 Rec8 27.Nh4 Rxc6 
28.Nxf5 gxf5 29.Red2 h5 30.Rd7 Be5 31.Rb7 Bd6 32.Rb5 Kg7 33.Bd2 Be7 34.Rc1
Rxc1+ 35.Bxc1 Rd8 36.Kg2 Rd3 37.Be3 e5 38.Kf3 e4+ 39.Ke2 Kf6 40.h4 Ke6 41.
Bd2 Rd5 42.Rb7 Rc5 43.Be3 Rc3 44.Rb5 Rd3 45.Bd2 Rd8 46.Rb7 Rc8 47.Be3 Rc3 
48.Bd2 1/2-1/2

[Event "4th EUR-ch"]
[Site "Istanbul TUR"]
[Date "2003.06.05"]
[Round "6.29"]
[White "Minasian, Artashes"]
[Black "Ftacnik, Lubomir"]
[Result "0-1"]
[WhiteElo "2555"]
[BlackElo "2611"]
[EventDate "2003.05.30"]
[PlyCount "62"]

1.e4 c5 2.f4 g6 3.Nf3 Bg7 4.Bc4 Nc6 5.O-O e6 6.d3 d5 7.Bb5 Ne7 8.c4 dxc4 
9.dxc4 Qxd1 10.Rxd1 Bd7 11.Nc3 a6 12.Ba4 O-O-O 13.Be3 b6 14.Ng5 Bxc3 15.
bxc3 Be8 16.e5 Rxd1+ 17.Rxd1 Na5 18.Bxe8 Rxe8 19.Nxh7 Nxc4 20.Bc1 Rd8 21.
Rxd8+ Kxd8 22.Nf6 Nd5 23.Ne4 Ke7 24.Kf2 f5 25.exf6+ Nxf6 26.Kf3 Nxe4 27.
Kxe4 b5 28.g4 a5 29.Kd3 a4 30.h4 Nd6 31.a3 Kf7 0-1

[Event "4th EUR-ch"]
[Site "Istanbul TUR"]
[Date "2003.06.05"]
[Round "6.30"]
[White "Alekseev, Evgeny"]
[Black "Spasov, Vasil"]
[Result "1-0"]
[WhiteElo "2607"]
[BlackElo "2555"]
[EventDate "2003.05.30"]
[PlyCount "83"]

1.e4 e6 2.d4 d5 3.Nc3 dxe4 4.Nxe4 Nd7 5.Nf3 Ngf6 6.Bd3 Nxe4 7.Bxe4 Nf6 8.
Bg5 Qd6 9.Bxf6 gxf6 10.O-O Bd7 11.c4 O-O-O 12.Qb3 Qb4 13.Qc2 f5 14.Bd3 Bc6
15.d5 exd5 16.Ne5 Be8 17.Bxf5+ Kb8 18.Rad1 Bg7 19.Rfe1 Bxe5 20.Rxe5 Ba4 
21.b3 Bc6 22.cxd5 Rxd5 23.Rexd5 Bxd5 24.Qd2 Qxd2 25.Rxd2 c6 26.Re2 a5 27.
f3 Kc7 28.Re7+ Kb6 29.Be4 Be6 30.f4 a4 31.bxa4 Ra8 32.Bc2 Bxa2 33.Kf2 h6 
34.g4 Bd5 35.h4 Kc5 36.Rxb7 Kd4 37.h5 c5 38.Rd7 Rb8 39.Bd1 Rb2+ 40.Kg3 Kc4
41.Bf3 Be6 42.Rd6 1-0

[Event "4th EUR-ch"]
[Site "Istanbul TUR"]
[Date "2003.06.05"]
[Round "6.31"]
[White "Baklan, Volodymyr"]
[Black "Kempinski, Robert"]
[Result "1/2-1/2"]
[WhiteElo "2607"]
[BlackElo "2553"]
[EventDate "2003.05.30"]
[PlyCount "53"]

1.e4 c5 2.c3 Nf6 3.e5 Nd5 4.Nf3 d6 5.d4 cxd4 6.cxd4 e6 7.Bc4 Nb6 8.Bd3 Nc6
9.O-O dxe5 10.dxe5 Nb4 11.Be4 Qxd1 12.Rxd1 N4d5 13.a4 a5 14.Nc3 Nxc3 15.
bxc3 Bc5 16.Nd4 O-O 17.Nb3 Be7 18.Be3 Nc4 19.Bd4 f6 20.exf6 gxf6 21.g3 Rd8
22.Bc5 Rxd1+ 23.Rxd1 Kf7 24.Rd4 Ne5 25.f4 Nd7 26.Bxe7 Kxe7 27.c4 1/2-1/2

[Event "4th EUR-ch"]
[Site "Istanbul TUR"]
[Date "2003.06.05"]
[Round "6.33"]
[White "Aronian, Levon"]
[Black "Svetuschin, Dumitru"]
[Result "1-0"]
[WhiteElo "2606"]
[BlackElo "2543"]
[EventDate "2003.05.30"]
[PlyCount "75"]

1.e4 c5 2.Nf3 e6 3.c4 Nc6 4.Nc3 Nge7 5.d4 Nxd4 6.Nxd4 cxd4 7.Qxd4 Nc6 8.
Qe3 b6 9.Bd3 Bc5 10.Qg3 Qf6 11.Bf4 Qg6 12.Nb5 Qxg3 13.hxg3 Ke7 14.a3 a6 
15.b4 axb5 16.bxc5 e5 17.cxb5 Nb4 18.Bc4 Nc2+ 19.Kd2 Nxa1 20.Bxe5 bxc5 21.
Rxa1 f6 22.Bc3 Ra4 23.Bb3 Rxe4 24.f3 Re6 25.Bxe6 dxe6 26.Kd3 e5 27.a4 Kd6 
28.Ba5 Bd7 29.Kc4 Be6+ 30.Kc3 Rb8 31.Rd1+ Ke7 32.Bc7 Ra8 33.a5 Ra7 34.b6 
Rxa5 35.b7 Ra3+ 36.Kd2 Ra2+ 37.Ke1 Bc4 38.Rb1 1-0

[Event "4th EUR-ch"]
[Site "Istanbul TUR"]
[Date "2003.06.05"]
[Round "6.34"]
[White "Dolmatov, Sergei"]
[Black "Belov, Vladimir"]
[Result "1/2-1/2"]
[WhiteElo "2606"]
[BlackElo "2549"]
[EventDate "2003.05.30"]
[PlyCount "34"]

1.e4 c5 2.Nf3 d6 3.d4 cxd4 4.Nxd4 Nf6 5.Nc3 a6 6.Be2 e6 7.a4 Nc6 8.Be3 Be7
9.O-O O-O 10.f4 Qc7 11.Kh1 Re8 12.Bf3 Bf8 13.Nb3 b6 14.a5 Nd7 15.axb6 Nxb6
16.Be2 Bb7 17.Re1 Nd7 1/2-1/2

[Event "4th EUR-ch"]
[Site "Istanbul TUR"]
[Date "2003.06.05"]
[Round "6.35"]
[White "Kurajica, Bojan"]
[Black "Fedorov, Alexei"]
[Result "1-0"]
[WhiteElo "2551"]
[BlackElo "2604"]
[EventDate "2003.05.30"]
[PlyCount "127"]

1.d4 Nf6 2.Nf3 g6 3.g3 Bg7 4.Bg2 O-O 5.O-O d6 6.c4 Nc6 7.Nc3 a6 8.Ne1 Nd7 
9.Nc2 e5 10.e3 f5 11.b3 e4 12.f3 exf3 13.Bxf3 Nf6 14.Qd3 Ne7 15.Ba3 Rb8 
16.Rf2 c6 17.Raf1 b5 18.e4 fxe4 19.Nxe4 Nxe4 20.Bxe4 Rxf2 21.Rxf2 bxc4 22.
bxc4 Bh3 23.Ne3 Qd7 24.Bg2 Bxg2 25.Kxg2 Re8 26.d5 c5 27.Bb2 Bxb2 28.Rxb2 
Nf5 29.Nxf5 Qxf5 30.Qxf5 gxf5 31.Kf3 Re4 32.Rb6 a5 33.Rxd6 Rxc4 34.Rf6 Ra4
35.Rxf5 Rxa2 36.Ke4 a4 37.d6 Rd2 38.Ke5 a3 39.Rf1 a2 40.Ke6 Rf2 41.Rc1 
Re2+ 42.Kd7 Kf7 43.Rf1+ Kg6 44.Kc7 Rxh2 45.d7 Rd2 46.Ra1 Kf5 47.Rxa2 Rxa2 
48.d8=Q Ra7+ 49.Kd6 Ra6+ 50.Kd5 Rg6 51.Qf8+ Kg4 52.Qf4+ Kh3 53.Qh4+ Kg2 
54.g4 h6 55.Ke4 Rd6 56.Kf5 c4 57.Qe1 Rd5+ 58.Ke4 Rd3 59.Qc1 Rg3 60.Kf5 c3 
61.Qxh6 Rf3+ 62.Ke4 c2 63.Qc1 Rf2 64.g5 1-0

[Event "4th EUR-ch"]
[Site "Istanbul TUR"]
[Date "2003.06.05"]
[Round "6.36"]
[White "Fontaine, Robert"]
[Black "Asrian, Karen"]
[Result "1/2-1/2"]
[WhiteElo "2527"]
[BlackElo "2596"]
[EventDate "2003.05.30"]
[PlyCount "38"]

1.e4 c6 2.d4 d5 3.Nc3 dxe4 4.Nxe4 Nf6 5.Nxf6+ exf6 6.c3 Bd6 7.Bd3 O-O 8.
Ne2 Re8 9.Qc2 Kh8 10.h4 Qa5 11.Be3 Bg4 12.h5 Nd7 13.Rh4 f5 14.O-O-O h6 15.
Kb1 Qd8 16.Rdh1 Be7 17.R4h2 Bd6 18.Rh4 Be7 19.R4h2 Bd6 1/2-1/2

[Event "4th EUR-ch"]
[Site "Istanbul TUR"]
[Date "2003.06.05"]
[Round "6.37"]
[White "Andersson, Ulf"]
[Black "Roiz, Michael"]
[Result "1/2-1/2"]
[WhiteElo "2594"]
[BlackElo "2529"]
[EventDate "2003.05.30"]
[PlyCount "54"]

1.Nf3 Nf6 2.c4 g6 3.g3 Bg7 4.Bg2 O-O 5.O-O d5 6.cxd5 Nxd5 7.Nc3 c5 8.Nxd5 
Qxd5 9.d3 Nc6 10.Be3 Bd7 11.Nd4 Qd6 12.Nxc6 Bxc6 13.Bxc6 Qxc6 14.Rc1 Qe6 
15.Rxc5 Qxa2 16.Rb5 Qa6 17.Qb3 b6 18.Rb4 Rfc8 19.Ra4 Qb7 20.Rfa1 h5 21.h4 
Rc6 22.Ra6 e6 23.Qa4 b5 24.Rxa7 bxa4 25.Rxb7 Rc2 26.Ra2 Rxe2 27.Rb4 Rd8 
1/2-1/2

[Event "4th EUR-ch"]
[Site "Istanbul TUR"]
[Date "2003.06.05"]
[Round "6.38"]
[White "Chuchelov, Vladimir"]
[Black "Guliev, Sarhan"]
[Result "1-0"]
[WhiteElo "2592"]
[BlackElo "2524"]
[EventDate "2003.05.30"]
[PlyCount "86"]

1.c4 f5 2.Nf3 Nf6 3.g3 g6 4.Bg2 Bg7 5.d4 O-O 6.O-O d6 7.Nc3 c6 8.b3 Bd7 9.
Bb2 Na6 10.Re1 b5 11.Nd2 Rb8 12.a3 Nc7 13.e3 a5 14.Qc2 Qe8 15.Ne2 Ne6 16.
Nf4 g5 17.Nd3 h5 18.Bc3 h4 19.d5 cxd5 20.cxd5 Nd8 21.Bxa5 Rc8 22.Qd1 hxg3 
23.hxg3 Qf7 24.Bxd8 Rfxd8 25.Nb4 Ng4 26.Rc1 Rxc1 27.Qxc1 Rc8 28.Nc6 Bf6 
29.a4 bxa4 30.b4 Ne5 31.Qc2 e6 32.b5 exd5 33.Qa2 Nc4 34.Nxc4 dxc4 35.Qxa4 
d5 36.Rd1 Be6 37.Qa6 Rc7 38.b6 Rd7 39.Rb1 c3 40.b7 Rxb7 41.Qa8+ Qf8 42.
Qxb7 c2 43.Rc1 Qc5 1-0

[Event "4th EUR-ch"]
[Site "Istanbul TUR"]
[Date "2003.06.05"]
[Round "6.39"]
[White "Kacheishvili, Giorgi"]
[Black "Kulaots, Kaido"]
[Result "1/2-1/2"]
[WhiteElo "2592"]
[BlackElo "2514"]
[EventDate "2003.05.30"]
[PlyCount "27"]

1.d4 d5 2.c4 c6 3.Nf3 Nf6 4.e3 a6 5.Bd3 Bg4 6.cxd5 cxd5 7.Qb3 Qc7 8.Nc3 
Bxf3 9.gxf3 e6 10.e4 Nc6 11.exd5 Nxd5 12.Nxd5 exd5 13.Qxd5 Nb4 14.Qe4+ 
1/2-1/2

[Event "4th EUR-ch"]
[Site "Istanbul TUR"]
[Date "2003.06.05"]
[Round "6.40"]
[White "Galkin, Alexander"]
[Black "Korobov, Anton"]
[Result "1/2-1/2"]
[WhiteElo "2591"]
[BlackElo "2513"]
[EventDate "2003.05.30"]
[PlyCount "80"]

1.e4 c5 2.Nf3 d6 3.d4 cxd4 4.Nxd4 Nf6 5.Nc3 a6 6.Be2 e6 7.f4 Be7 8.O-O O-O
9.a4 Qc7 10.Be3 Nc6 11.Kh1 Bd7 12.Nb3 Nb4 13.Bf3 e5 14.Rf2 Rfe8 15.Rd2 
Rac8 16.a5 Be6 17.Ra4 Bxb3 18.cxb3 Nc6 19.Nd5 Nxd5 20.Rxd5 exf4 21.Bb6 Qb8
22.Bg4 g5 23.Rc4 Ne5 24.Rxc8 Rxc8 25.Bxc8 Qxc8 26.Bd4 f6 27.Bxe5 fxe5 28.
h3 Kg7 29.Kh2 Qe6 30.Qh5 Qc8 31.Qd1 Qe6 32.Qg4 Qg6 33.Qd7 Kf7 34.Rd3 Qxe4 
35.Rxd6 f3 36.Re6 Qb4 37.gxf3 Qc5 38.Kg2 Qc2+ 39.Kg3 Qc5 40.Kg2 Qc2+ 
1/2-1/2

[Event "4th EUR-ch"]
[Site "Istanbul TUR"]
[Date "2003.06.05"]
[Round "6.41"]
[White "Gdanski, Jacek"]
[Black "Damljanovic, Branko"]
[Result "1/2-1/2"]
[WhiteElo "2506"]
[BlackElo "2587"]
[EventDate "2003.05.30"]
[PlyCount "83"]

1.e4 c5 2.Nf3 d6 3.c3 Nf6 4.Be2 g6 5.O-O Bg7 6.Bb5+ Nc6 7.d4 O-O 8.d5 Ne5 
9.Nxe5 dxe5 10.f3 Ne8 11.Be3 Nd6 12.a4 Qc7 13.Nd2 f5 14.Qe2 f4 15.Bf2 g5 
16.b4 cxb4 17.cxb4 h5 18.Rfc1 Qd8 19.Ra3 g4 20.Rac3 a6 21.Bd3 Qe8 22.Bh4 
Bf6 23.Qe1 Qg6 24.Kh1 Kh8 25.Rc7 Rg8 26.Be2 gxf3 27.Bxf3 Bg4 28.Bxf6+ exf6
29.Bxg4 Qxg4 30.Qf1 Rad8 31.Qf3 Rg7 32.Rxg7 Kxg7 33.h3 Qxf3 34.Rc7+ Kg6 
35.gxf3 Kg5 36.Nc4 Nxc4 37.Rxc4 b5 38.axb5 axb5 39.Rc2 f5 40.Rd2 Rd7 41.
Kg2 Rd6 42.Rd1 1/2-1/2

[Event "4th EUR-ch"]
[Site "Istanbul TUR"]
[Date "2003.06.05"]
[Round "6.42"]
[White "Avrukh, Boris"]
[Black "Erenburg, Sergey"]
[Result "1/2-1/2"]
[WhiteElo "2586"]
[BlackElo "2499"]
[EventDate "2003.05.30"]
[PlyCount "24"]

1.d4 d5 2.c4 c6 3.Nc3 Nf6 4.e3 a6 5.Be2 g6 6.Nf3 Bg7 7.Bd2 O-O 8.Rc1 Bg4 
9.Qb3 b5 10.cxb5 axb5 11.Ne5 Be6 12.Rd1 Nfd7 1/2-1/2